Apuntes para una biografía de Sor Juana Inés de la Cruz /
Αποθηκεύτηκε σε:
| Κύριος συγγραφέας: | |
|---|---|
| Μορφή: | Βιβλίο |
| Γλώσσα: | Ισπανικά |
| Θέματα: | |
| Ετικέτες: |
Δεν υπάρχουν, Καταχωρήστε ετικέτα πρώτοι!
|
MARC
| LEADER | 00000nam^a2200000^a^4500 | ||
|---|---|---|---|
| 001 | 000156787 | ||
| 005 | 20250521000000.0 | ||
| 009 | 20260310100515.106 | ||
| 037 | |a Acervo ITESO - Biblioteca | ||
| 041 | |a ESP | ||
| 082 | |a 860. 92 |b SAL | ||
| 100 | |a Salazar Mallén, Rubén |e (autor) | ||
| 245 | 1 | 0 | |a Apuntes para una biografía de Sor Juana Inés de la Cruz / |c R. Salazar Mallén. |
| 264 | |a México : |b Stylo, |c 1952 | ||
| 300 | |a 67 p. | ||
| 336 | |a texto |b txt |2 rdacontenido | ||
| 337 | |a sin mediación |b n |2 rdamedio | ||
| 338 | |a volumen |b nc |2 rdasoporte | ||
| 545 | 0 | |a Juana Inés de la Cruz (1651-1695), poetisa y religiosa mexicana. Nació en San Miguel de Nepantla, Estado de México. Monja desde los dieciséis años, inicialmente en el convento de Santa Teresa la Antigua y posteriormente en el de San Jerónimo. En este último vio cristalizar gran parte de su obra, en su mayoría, poética. Dominó los conocimientos de la cultura de su época. Junto con Juan Ruiz de Alarcón, es gloria del México virreinal y representante de la literatura hispanoamericana del siglo XVII. Sor Juana se defendió y abogó por los derechos culturales de la mujer. Obra en poesía: Primer sueño; Autos sacramentales: El cetro de José; El mártir del sacramento y El divino Narciso; comedias: Los empeños de una casa y Amor es más laberinto; en prosa: Carta de Sor Filotea de la Cruz; Carta athenagórica; Los ejercicios de la encarnación; Ofrecimientos del rosario; Respuesta a Sor Filotea; El caracol; un compendio de armonía musical, entre otras. El veracruzano Rubén Salazar Mallén (1905-1986) presenta este esbozo para la biografía de sor Juana, cuyo valor como escritora -explica Salazar Mallén- no está fundamentado en los misterios de su vida, sino que es precisamente dicha gran valía la que mueve más la curiosidad hacia el conocimiento del itinerario vital de la llamada Décima Musa. Aunque la propia sor Juana dejó noticias autobiográficas dispersas en sus diversas obras, para el veracruzano son dos los trabajos que demarcan una nueva etapa en las investigaciones biográficas sobre la escritora: La familia de sor Juana Inés de la Cruz: documentos inéditos, descubiertos y publicados por Guillermo Ramírez España, y Testamento de sor Juana Inés de la Cruz y otros documentos, editados por Enrique A. Cervantes. | |
| 545 | 0 | |a Rubén Salazar Mallén (1905-1986), abogado y escritor nacido en Coatzacoalcos, Veracruz; además de haber sido un prolífico autor de libros de ensayo político, ejerció el periodismo. Salazar Mallén ha sido un escritor poco reconocido por la historia literaria de México, más por las posiciones antagónicas que nunca logró conciliar y que los intelectuales de su momento no le perdonaron. A partir de su particular visión crítica y contradictoria del poder político, literario y financiero, así como de su oposición a la opresión sobre el hombre, a lo estático y a lo institucional, produjo una obra que puede leerse en tono de resentimiento y desilusión, expresados a través del humor negro. Su literatura fue, al mismo tiempo, vanguardista que conservadora, con rasgos estéticos anacrónicos; su estilo fue pulcro, con símiles y paradojas correctamente utilizados, aunque irónicamente, debió su reconocimiento popular debido a la dureza con que manejó el lenguaje coloquial, incluidas las malas palabras. Encontró fuente de inspiración en el pasado como salvación, con personajes y escenas crudas pero muy humanos. Entre sus obras más importantes de cuentan: Dos cuentos (Ruta, Orilla, 1932), Cariátide (1934), Camino de perfección (1397), Soledad (1937), Ojo de agua (1949), Ninón (1957), Adela y yo (1957), El sentido común (1960). | |
| 649 | |a XX | ||
| 650 | |a Escritores Mexicanos - |x Biografías | ||
| 650 | |a Monjas Mexicanas - |x Biografías | ||
| 650 | |a Religiosos Mexicanos - |x Biografías | ||
| 650 | |a Mujeres Mexicanas - |x Biografías | ||
| 650 | |a Literatura Mexicana - |x Historia y Crítica | ||
| 650 | |a Literatura Mexicana - |y Siglo XVII | ||
| 650 | |a Literatura Mexicana - |y Epoca Colonial, 1517-1821 | ||
| 650 | |a Literatura Mexicana - |y Siglo XX | ||
| 650 | |a Literatura Barroca - |x Historia y Crítica | ||
| 650 | |a Literatura Barroca - |z México | ||
| 650 | |a Literatura de Mujeres - |x Historia y Crítica | ||
| 650 | |a Literatura de Mujeres - |z México | ||
| 650 | |a Literatura Religiosa - |x Historia y Crítica | ||
| 650 | |a Literatura Religiosa - |z México | ||
| 650 | |a Religión y Literatura - |x Historia y Crítica | ||
| 650 | |a Religión y Literatura - |z México | ||
| 650 | |a México - |x Historia - |y Siglo XVII | ||
| 650 | |a México - |x Historia - |y Virreinato, 1535-1821 | ||
| 650 | |a México - |x Historia - |y Epoca Colonial, 1517-1821 | ||
| 600 | |a Cruz, Juana Inés de la, |c Sor | ||
| 910 | |a Fondo Salvador Reynoso Reynoso | ||
| 920 | |a Impresos - Libros | ||
| 930 | |a Fondos Especiales | ||
| 940 | |a Literatura | ||
| 905 | |a 112 | ||
| 901 | |a 0800016286 |b IT2 |c ESP |u 20250521 | ||
| 902 | |a https://opac.biblio.iteso.mx/vufind/Record/000156787 | ||